000 01024nam a2200277Ia 4500
003 OSt
005 20220923211147.0
006 a|||||r|||| 00| 0
007 ta
008 220922b |||||||| |||| 00| 0 hin d
020 _a8187482265 (hbk)
_c100
024 _a352,881
037 _bGV718, 09/03/2020, Vani Prakashan
_cTextual
040 _aARTS
_cARTS
_bhin
041 _2hin
_ahin
082 _aO152,6N11x, P2
100 _aअज्ञेय, ले.
_9158932
245 0 _aलेखक का दायित्व
_b साहित्यिक निबन्ध
246 _aLekhak kā dāyitva: sāhityik nibandha
260 _aबीकानेर
_b वाग्देवी प्रकाशन
_c2002
300 _a168पृ.
_ccm.
650 _a हिन्दी साहित्य
_9156264
650 _aहिन्दी निबंध
942 _hO152,6N11x, P2
_cTEXL
_2CC
999 _c296145
_d296145